| 000 | 00674nam a22002417a 4500 | ||
|---|---|---|---|
| 999 |
_c4148 _d4148 |
||
| 001 | 6404 | ||
| 003 | BD-DhUAP | ||
| 005 | 20201102124429.0 | ||
| 008 | 201102b ii a|||| |||| 00| 0 eng d | ||
| 020 | _a8170082064 | ||
| 040 |
_aBD-DhUAP _bEng _cBD-DhUAP _dBD-DhUAP |
||
| 082 |
_220 _a510.2462 BAL |
||
| 100 | _aBali, N. P. | ||
| 245 |
_aA text book of engineering mathematics / _cBy N. P. Bali and Narayana Iyengar. |
||
| 260 |
_aNew Delhi : _bLaxmi, _c[?]. |
||
| 300 |
_avolumes ; _c24 cm. |
||
| 505 | _aV. 2-- | ||
| 650 | _aEngineering mathematics. | ||
| 650 | _aMathematical physics. | ||
| 650 | _aMathematics. | ||
| 700 | _a Iyengar, Narayana. | ||
| 942 |
_2ddc _cBK |
||